Statistics for Rock and Metal Bands by Album

Click here to take the quiz!

General Stats

  • This quiz has been taken 113 times
  • The average score is 11 of 16

Answer Stats

AlbumBand% Correct
ParanoidBlack Sabbath
93%
Abbey RoadThe Beatles
89%
The Dark Side Of The MoonPink Floyd
88%
NevermindNirvana
85%
Ride The LightningMetallica
83%
Appetite For DestructionGuns N' Roses
81%
Dr. FeelgoodMotley Crue
72%
Slippery When WetBon Jovi
66%
PowerslaveIron Maiden
66%
A Night At The OperaQueen
66%
HysteriaDef Leppard
65%
The Razor's EdgeAC/DC
64%
British SteelJudas Priest
58%
Machine HeadDeep Purple
50%
MothershipLed Zeppelin
36%
DestroyerKiss
33%

Score Distribution

Percentile by Number Answered

Percent of People with Each Score

Your Score History

You have not taken this quiz